Нормы и данные для теплотехнических расчетов ограждающих конструкций производственных и гражданских зданий [текстильной промышленности]. Ч. 2: Наружные стены (Запись № 13592587)

Подробности
000 -МАРКЕР
контрольное поле 01771nam2a2200265 4500
001 - ИДЕНТИФИКАТОР ЗАПИСИ
контрольное поле rc\2907519
005 - ИДЕНТИФИКАТОР ВЕРСИИ
контрольное поле 20260315054052.0
035 ## - ДРУГИЕ СИСТЕМНЫЕ НОМЕРА
Идентификатор записи (NLR Aleph) 007058462
100 ## - ДАННЫЕ ОБЩЕЙ ОБРАБОТКИ
Данные общей обработки 20110804d1939 u y0rusy50 ca
101 0# - ЯЗЫК РЕСУРСА
Язык текста, звукозаписи и т.д. русский
105 ## - ПОЛЕ КОДИРОВАННЫХ ДАННЫХ: ТЕКСТОВЫЕ МАТЕРИАЛЫ, МОНОГРАФИЧЕСКИЕ
Кодированные данные о монографическом текстовом документе a z |||||
200 1# - ЗАГЛАВИЕ И СВЕДЕНИЯ ОБ ОТВЕТСТВЕННОСТИ
Основное заглавие Наружные стены
210 ## - ПУБЛИКАЦИЯ, РАСПРОСТРАНЕНИЕ И ДР.
Дата издания, распространения и т.д. 1939
215 ## - ФИЗИЧЕСКАЯ ХАРАКТЕРИСТИКА
Специфическое обозначение материала и объем 70 с., 2 ненум. с.
Другие сведения о физической характеристике черт.
300 ## - ОБЩИЕ ПРИМЕЧАНИЯ
Текст примечания На 4-й с. указаны составители: инж. Н.Н. Фурсов и инж., С.С. Забелло и редактор: инж. И.О. Плехович
461 #0 - УРОВЕНЬ НАБОРА
Встроенное поле 001rc\2907518
-- 2001#$aНормы и данные для теплотехнических расчетов ограждающих конструкций производственных и гражданских зданий [текстильной промышленности]$fНКЛП СССР, Гл. упр. стр-вом "Госпроектстрой", Сектор типизации и техн. исслед.$vЧ. 2
Системный номер (АБИС) связанной записи 6261147
Автор "Госпроектстрой", трест (Москва)
Место публикации Москва
Дата публикации 1939
Первые сведения об ответственности НКЛП СССР, Гл. упр. стр-вом "Госпроектстрой", Сектор типизации и техн. исслед.
Имя издателя, распространителя и т.д. Б. и.
Заглавие Нормы и данные для теплотехнических расчетов ограждающих конструкций производственных и гражданских зданий [текстильной промышленности]
Номер тома Ч. 2
702 #1 - ИМЯ ЛИЦА - ВТОРИЧНАЯ ОТВЕТСТВЕННОСТЬ
Начальный элемент ввода Фурсов
Часть имени, кроме начального элемента ввода Н.Н.
Код отношения Составитель
702 #1 - ИМЯ ЛИЦА - ВТОРИЧНАЯ ОТВЕТСТВЕННОСТЬ
Начальный элемент ввода Забелло
Часть имени, кроме начального элемента ввода С.С.
Код отношения Составитель
702 #1 - ИМЯ ЛИЦА - ВТОРИЧНАЯ ОТВЕТСТВЕННОСТЬ
Начальный элемент ввода Плехович
Часть имени, кроме начального элемента ввода И.О.
Код отношения Редактор
801 #0 - ИСТОЧНИК ЗАПИСИ
Страна Российская Федерация
Организация NLR
Правила каталогизации psbo
801 #1 - ИСТОЧНИК ЗАПИСИ
Страна Российская Федерация
Организация ELAR
Источник данных rusmarc
852 ## - МЕСТОНАХОЖДЕНИЕ И ШИФР ХРАНЕНИЯ
Идентификатор организации NLR
Шифр хранения (Call Number) 37-17/170(2)
942 ## - ДОПОЛНИТЕЛЬНЫЕ ЭЛЕМЕНТЫ ЗАПИСИ (АБИС)
Тип экземпляра АБИС Неопределено
980 ## - КОЛЛЕКЦИЯ
Название коллекции Национальная библиография

Нет доступных экземпляров.